000 00544nam a22001697a 4500
005 20240528144826.0
010 _aENG-140523
020 _a9789354093081
_c1550.00
035 _aEN-124055
037 _bDBAD/PUB
082 _a888.8
245 0 0 _aBalancing The Wisdom Tree:
_bAnthology Of FTII,S Women Alumni/
260 _aNew Delhi
_bMinistry Of Information And Broadcasting- GOI
_c2021
270 _aSoochna Bhawan, CGO Complex, Lodhi Road,
_bNew Delhi
300 _a429,pages :
_c30(hb)
942 _2ddc
_cEN
_h888.8
_mBAL
999 _c203315
_d203315